MARC

LEADER 00000naa0a2200000 4500
001 641810
005 20250403141135.0
035 |a (RuTPU)RU\TPU\network\6727 
090 |a 641810 
100 |a 20150603d2015 k||y0rusy50 ca 
101 0 |a rus 
102 |a RU 
135 |a drcn ---uucaa 
181 0 |a i  
182 0 |a b 
200 1 |a Анализ одного "вечного" двигателя  |f А. К. Томилин, Н. В. Аксёнова, А. С. Шевчук 
203 |a Текст  |c электронный 
300 |a Заглавие с экрана 
320 |a [Библиогр.: с. 333 (2 назв.)] 
461 |t Молодой ученый  |d 2008- 
463 |t № 10  |v [С. 330-333]  |d 2015 
610 1 |a электронный ресурс 
610 1 |a труды учёных ТПУ 
610 1 |a источники энергии 
610 1 |a вечный двигатель 
700 1 |a Томилин  |b А. К.  |c физик, механик  |c профессор Томского политехнического университета, доктор физико-математических наук  |f 1955-  |g Александр Константинович  |3 (RuTPU)RU\TPU\pers\31233  |9 15428 
701 1 |a Аксёнова  |b Н. В.  |c лингвист  |c доцент Томского политехнического университета, кандидат филологических наук  |f 1979-  |g Наталия Валерьевна  |3 (RuTPU)RU\TPU\pers\31421  |9 15585 
701 1 |a Шевчук  |b А. С. 
712 0 2 |a Национальный исследовательский Томский политехнический университет (ТПУ)  |b Институт кибернетики (ИК)  |b Кафедра иностранных языков института кибернетики (ИЯИК)  |3 (RuTPU)RU\TPU\col\18707 
801 2 |a RU  |b 63413507  |c 20150603  |g RCR 
856 4 |u http://www.moluch.ru/archive/90/19021/ 
942 |c CF